000 01021nam a2200289 i 4500
001 12251
003 KOSZ 005
005 20220825143840.0
008 080728s1958 pl a f 001 0 pol
015 _aPB 1958/6056
040 _aWA N
_cKOSZ 005/RW
_dKOSZ 005/RW
_dKOSZ 005/HR
041 1 _apol
_hrus
080 _a550.38
100 1 _aÂnovskij, Boris Mihajlovič.
_eAutor
245 1 0 _aMagnetyzm ziemski /
_cB. M. Janowski ; [tł. Zdzisław Małkowski].
246 1 _iTyt. oryg.:
_aZemnoj magnetizm
260 _aWarszawa :
_bPaństwowe Wydawnictwo Naukowe,
_c1958.
300 _a615 s. :
_bil. ;
_c25 cm.
380 _aKsiążki.
504 _aBibliogr. s. [605]-608. Indeks.
658 _aGeografia i nauki o Ziemi
650 4 _aMagnetyzm ziemski
700 1 _aMałkowski, Zdzisław.
_eTłumaczenie
710 2 _aPaństwowe Wydawnictwo Naukowe
_4pbl.
856 _uhttp://koha.tu.koszalin.pl/cgi-bin/koha/opac-detail.pl?biblionumber=12251
_yKatalog online BPK
942 _2UKD
_cKS
999 _c12251
_d12251